Welcome to CU Library Online Public Access Catalogue (OPAC)

Accounting / (Record no. 9211)

MARC details
000 -LEADER
fixed length control field 01022cam a2200277 a 4500
001 - CONTROL NUMBER
control field 12456340
005 - DATE AND TIME OF LATEST TRANSACTION
control field 20260415113236.0
008 - FIXED-LENGTH DATA ELEMENTS--GENERAL INFORMATION
fixed length control field 010629s2002 ohua 001 0 eng
020 ## - INTERNATIONAL STANDARD BOOK NUMBER
International Standard Book Number 0324025424
020 ## - INTERNATIONAL STANDARD BOOK NUMBER
International Standard Book Number 9780324025422
050 00 - LIBRARY OF CONGRESS CALL NUMBER
Classification number HF5635
Item number .F386 2002
082 00 - DEWEY DECIMAL CLASSIFICATION NUMBER
Classification number 657
Edition information 21
100 1# - MAIN ENTRY--PERSONAL NAME
Personal name Warren, Carl S.
245 10 - TITLE STATEMENT
Title Accounting /
Statement of responsibility, etc. Carl S. Warren, James M. Reeve, Philip E. Fess.
250 ## - EDITION STATEMENT
Edition statement 20th ed.
260 ## - PUBLICATION, DISTRIBUTION, ETC.
Place of publication, distribution, etc. Cincinnati, Ohio :
Name of publisher, distributor, etc. South-Western,
Date of publication, distribution, etc. c2002.
300 ## - PHYSICAL DESCRIPTION
Extent xxii, 1016, [114] p. :
Other physical details col. ill. ;
Dimensions 29 cm.
500 ## - GENERAL NOTE
General note Includes indexes.
650 #0 - SUBJECT ADDED ENTRY--TOPICAL TERM
Topical term or geographic name entry element Accounting.
700 1# - ADDED ENTRY--PERSONAL NAME
Personal name Reeve, James M.,
Dates associated with a name 1953-
700 1# - ADDED ENTRY--PERSONAL NAME
Personal name Fess, Philip E.
856 42 - ELECTRONIC LOCATION AND ACCESS
Materials specified Contributor biographical information
Uniform Resource Identifier <a href="http://www.loc.gov/catdir/enhancements/fy1514/2001271598-b.html">http://www.loc.gov/catdir/enhancements/fy1514/2001271598-b.html</a>
856 42 - ELECTRONIC LOCATION AND ACCESS
Materials specified Publisher description
Uniform Resource Identifier <a href="http://www.loc.gov/catdir/enhancements/fy1514/2001271598-d.html">http://www.loc.gov/catdir/enhancements/fy1514/2001271598-d.html</a>
856 41 - ELECTRONIC LOCATION AND ACCESS
Materials specified Table of contents only
Uniform Resource Identifier <a href="http://www.loc.gov/catdir/enhancements/fy1514/2001271598-t.html">http://www.loc.gov/catdir/enhancements/fy1514/2001271598-t.html</a>
942 ## - ADDED ENTRY ELEMENTS (KOHA)
Source of classification or shelving scheme Library of Congress Classification
Koha item type Books
Edition 20th ed.
Suppress in OPAC No
999 ## -
-- 9211
-- 9211
Holdings
Withdrawn status Lost status Source of classification or shelving scheme Damaged status Not for loan Collection Home library Current library Shelving location Date acquired Total checkouts Full call number Barcode Date last seen Copy number Price effective from Koha item type
    Library of Congress Classification     Non-fiction Business Library (Miotso) Business Library (Miotso) General stacks 04/15/2026   HF5635 .F386 2002 BSSM00003159 04/15/2026 1 04/15/2026 Books
    Library of Congress Classification     Non-fiction Business Library (Miotso) Business Library (Miotso) General stacks 04/15/2026   HF5635 .F386 2002 BSSM00003160 04/15/2026 2 04/15/2026 Books
© 2023-2024 Copyright: Central University Libraries. All Rights Reserved | Created by: Mahone Tech Office